<?xml version="1.0" encoding="UTF-8"?>
<collection xmlns="http://www.loc.gov/MARC21/slim">
<record>
  <controlfield tag="000">02543cam\a2200409Ii\4500</controlfield>
  <controlfield tag="001">14523</controlfield>
  <controlfield tag="005">20251009054804.0</controlfield>
  <controlfield tag="008">941006s1874\\\\pauc\\\\\\\\\\000\0\eng\d</controlfield>
  <datafield tag="035" ind1=" " ind2=" ">
    <subfield code="a">(OCoLC)ocm81380304</subfield>
  </datafield>
  <datafield tag="035" ind1=" " ind2=" ">
    <subfield code="a">(OCoLC)81380304</subfield>
  </datafield>
  <datafield tag="040" ind1=" " ind2=" ">
    <subfield code="a">UXG</subfield>
    <subfield code="b">eng</subfield>
    <subfield code="e">rda</subfield>
    <subfield code="c">UXG</subfield>
    <subfield code="d">OCLCQ</subfield>
    <subfield code="d">OCLCG</subfield>
    <subfield code="d">OCLCA</subfield>
    <subfield code="d">OCLCG</subfield>
    <subfield code="d">OCLCA</subfield>
    <subfield code="d">OCLCF</subfield>
    <subfield code="d">OCLCO</subfield>
    <subfield code="d">OCLCQ</subfield>
    <subfield code="d">UXG</subfield>
    <subfield code="d">UtOrBLW</subfield>
  </datafield>
  <datafield tag="043" ind1=" " ind2=" ">
    <subfield code="a">n-us-pa</subfield>
  </datafield>
  <datafield tag="245" ind1="0" ind2="0">
    <subfield code="a">Dinner given by J. Parker Norris in honour of George Dawson on the occasion of his visit to Philadelphia, November, 1874.</subfield>
  </datafield>
  <datafield tag="246" ind1="3" ind2=" ">
    <subfield code="a">Dinner given by J. Parker Norris in honor of George Dawson on the occasion of his visit to Philadelphia, November, 1874.</subfield>
  </datafield>
  <datafield tag="264" ind1=" " ind2="1">
    <subfield code="a">[Philadelphia] :</subfield>
    <subfield code="b">[privately printed],</subfield>
    <subfield code="c">[1874]</subfield>
  </datafield>
  <datafield tag="300" ind1=" " ind2=" ">
    <subfield code="a">4 unnumbered pages :</subfield>
    <subfield code="b">portrait ;</subfield>
    <subfield code="c">21 cm</subfield>
  </datafield>
  <datafield tag="336" ind1=" " ind2=" ">
    <subfield code="a">text</subfield>
    <subfield code="b">txt</subfield>
    <subfield code="2">rdacontent</subfield>
  </datafield>
  <datafield tag="337" ind1=" " ind2=" ">
    <subfield code="a">unmediated</subfield>
    <subfield code="b">n</subfield>
    <subfield code="2">rdamedia</subfield>
  </datafield>
  <datafield tag="338" ind1=" " ind2=" ">
    <subfield code="a">volume</subfield>
    <subfield code="b">nc</subfield>
    <subfield code="2">rdacarrier</subfield>
  </datafield>
  <datafield tag="340" ind1=" " ind2=" ">
    <subfield code="p">portrait</subfield>
    <subfield code="2">rdaill</subfield>
  </datafield>
  <datafield tag="500" ind1=" " ind2=" ">
    <subfield code="a">Caption title.</subfield>
  </datafield>
  <datafield tag="500" ind1=" " ind2=" ">
    <subfield code="a">Manuscript note on Folger copy: 100 copies privately printed.</subfield>
  </datafield>
  <datafield tag="520" ind1=" " ind2=" ">
    <subfield code="a">Dinner menu with Shakespearean quotations for each course. Picture of Shakespeare above title.</subfield>
  </datafield>
  <datafield tag="530" ind1=" " ind2=" ">
    <subfield code="a">Sh.Misc. 588 also available as a digital reproduction.</subfield>
  </datafield>
  <datafield tag="583" ind1="0" ind2=" ">
    <subfield code="a">recataloged</subfield>
    <subfield code="c">2018-07-20</subfield>
    <subfield code="k">SEH</subfield>
    <subfield code="n">1</subfield>
    <subfield code="o">piece</subfield>
    <subfield code="2">local</subfield>
    <subfield code="5">DFo</subfield>
  </datafield>
  <datafield tag="583" ind1="0" ind2=" ">
    <subfield code="a">copy added</subfield>
    <subfield code="c">2018-08-24</subfield>
    <subfield code="k">SEH</subfield>
    <subfield code="n">1</subfield>
    <subfield code="o">piece</subfield>
    <subfield code="2">local</subfield>
    <subfield code="5">DFo</subfield>
  </datafield>
  <datafield tag="583" ind1="0" ind2=" ">
    <subfield code="a">revised</subfield>
    <subfield code="c">2024-10-22</subfield>
    <subfield code="k">DJL</subfield>
    <subfield code="2">local</subfield>
    <subfield code="5">DFo</subfield>
  </datafield>
  <datafield tag="600" ind1="1" ind2="0">
    <subfield code="a">Dawson, George,</subfield>
    <subfield code="d">1821-1876.</subfield>
    <subfield code="0">n 87870616</subfield>
  </datafield>
  <datafield tag="600" ind1="1" ind2="0">
    <subfield code="a">Norris, Joseph Parker,</subfield>
    <subfield code="d">1847-1916.</subfield>
    <subfield code="0">n 85025477</subfield>
  </datafield>
  <datafield tag="600" ind1="1" ind2="0">
    <subfield code="a">Shakespeare, William,</subfield>
    <subfield code="d">1564-1616</subfield>
    <subfield code="v">Quotations.</subfield>
    <subfield code="0">sh 85121027</subfield>
  </datafield>
  <datafield tag="650" ind1=" " ind2="0">
    <subfield code="a">Dinners and dining</subfield>
    <subfield code="0">sh 85038076</subfield>
    <subfield code="z">Pennsylvania</subfield>
    <subfield code="0">n 79022911</subfield>
    <subfield code="z">Philadelphia.</subfield>
  </datafield>
  <datafield tag="650" ind1=" " ind2="0">
    <subfield code="a">Food</subfield>
    <subfield code="v">Miscellanea.</subfield>
  </datafield>
  <datafield tag="655" ind1=" " ind2="7">
    <subfield code="a">Menus.</subfield>
    <subfield code="0">300027191</subfield>
    <subfield code="2">aat</subfield>
  </datafield>
  <datafield tag="655" ind1=" " ind2="7">
    <subfield code="a">Letters (correspondence)</subfield>
    <subfield code="0">300026879</subfield>
    <subfield code="2">aat</subfield>
  </datafield>
  <datafield tag="700" ind1="1" ind2=" ">
    <subfield code="a">Norris, Joseph Parker,</subfield>
    <subfield code="d">1847-1916,</subfield>
    <subfield code="0">n 85025477,</subfield>
    <subfield code="e">former owner.</subfield>
    <subfield code="5">DFo</subfield>
  </datafield>
  <datafield tag="752" ind1=" " ind2=" ">
    <subfield code="a">United States</subfield>
    <subfield code="b">Pennsylvania</subfield>
    <subfield code="d">Philadelphia,</subfield>
    <subfield code="e">publication place.</subfield>
    <subfield code="2">naf</subfield>
  </datafield>
  <datafield tag="852" ind1="8" ind2=" ">
    <subfield code="a">US-DFo</subfield>
    <subfield code="b">DeckC-Rare</subfield>
    <subfield code="h">Sh.Misc. 588</subfield>
    <subfield code="z">Half leather over marbled boards, with marbled endpapers. Top edge gilt. Armorial bookplate (motto: Ubique patriam reminisci): Joseph Parker Norris. Tipped in: autograph letter signed from George Dawson, and manuscript list of dinner party attendants with note: The dinner was at 6 p.m. on Friday, November 20, 1874; and was given at 323 South 12th Street.</subfield>
    <subfield code="7">14921</subfield>
    <subfield code="j">cs1095</subfield>
  </datafield>
  <datafield tag="852" ind1="8" ind2=" ">
    <subfield code="a">US-DFo</subfield>
    <subfield code="b">DeckC-Rare</subfield>
    <subfield code="h">Sh.Misc. 372 item 2</subfield>
    <subfield code="m">(folio)</subfield>
    <subfield code="z">Bound in a volume with 23 other menus and programs. Cloth boards, quarter leather. Spine stamped in gold.</subfield>
    <subfield code="7">503035</subfield>
    <subfield code="j">cs1863</subfield>
  </datafield>
  <datafield tag="856" ind1="4" ind2="1">
    <subfield code="u">https://digitalcollections.folger.edu/bib14523-14921</subfield>
    <subfield code="z">Digital image(s) of Folger Shakespeare Library Sh.Misc. 588</subfield>
  </datafield>
  <datafield tag="909" ind1="C" ind2="O">
    <subfield code="o">oai:catalog.folger.edu:14523</subfield>
    <subfield code="p">GLOBAL_SET</subfield>
  </datafield>
  <datafield tag="980" ind1=" " ind2=" ">
    <subfield code="a">BIB</subfield>
  </datafield>
  <datafield tag="983" ind1=" " ind2=" ">
    <subfield code="a">Vault</subfield>
  </datafield>
  <datafield tag="983" ind1=" " ind2=" ">
    <subfield code="a">Online</subfield>
  </datafield>
</record>
</collection>